Statistics for Musical City Hits

Click here to take the quiz!

General Stats

  • This quiz has been taken 9 times
  • The average score is 11 of 17

Answer Stats

No of songsContinentCity% Correct
2EuropeBerlin
100%
5EuropeLondon
100%
3North AmericaLos Angeles
100%
6North AmericaNew York
100%
8EuropeParis
100%
2North AmericaChicago
89%
2North AmericaSan Francisco
89%
2EuropeMoscow
78%
2AsiaTokyo
78%
2EuropeLiverpool
67%
2EuropeVienna
67%
2North AmericaDetroit
44%
4North AmericaNew Orleans
44%
2North AmericaMemphis
22%
2North AmericaBuffalo
11%
2EuropeBelfast
0%
2EuropeWaterloo
0%

Score Distribution

Percentile by Number Answered

Percent of People with Each Score

Your Score History

You have not taken this quiz